00877nam a2200217 a 450000100100000000500170001000800410002702000150006804000250008308200150010810000330012324501060015626000310026230000210029349000300031450000760034450000720042083000370049295201130052999900170064200004227120201002040038.0131121s1975 sp 000 0 spa d a8470392239 aDO-SdBNPbspacBNPHU axxxbF363M1 aMainer, José-Carlos91371510aAnálisis de una insatisfacción :blas novelas de W. Fernández Flórez /cJosé-Carlos Mainer. aMadrid :bCastalia,c1975. a374 p. ;c19 cm.1 aLiteratura y sociedadv10 aIncluye datos biográficos del autor en la solapa de la contracubierta aIncluye referncias bibliográficas y notas al pie de las páginas 0aLiteratura y sociedadn10969307 001050718MOaGRbGRcCTd2013-11-21iLF1l0oxxx F363Mp42271-10r2020-06-25w2020-06-25y1ZNo se presta c41760d41760